000 00343nam a2200133Ia 4500
005 20251222141823.0
008 251222s9999||||xx |||||||||||||| ||spa||
020 _a84-331-0786-0
082 _a372.07/V23/T.1
100 _aVallés Arándiga, Antonio
245 0 _aAprendo a Ser Reflexivo A-1 y 2:
264 _bEscuela Española
942 _cLIB
999 _c6872
_d6872